Địa vật lý thăm dò Thăm dò địa chấn T.3
Khái niệm cơ sở lý thuyết, nguyên lý máy móc, các phương pháp đo, phân tích, các ứng dụng của thăm dò từ và thăm dò trọng lực của quả đất
Shranjeno v:
| Glavni avtor: | |
|---|---|
| Drugi avtorji: | , , , |
| Format: | Knjiga |
| Jezik: | Vietnamese |
| Izdano: |
H.
Đại học và trung học chuyên nghiệp
1980
|
| Teme: | |
| Oznake: |
Označite
Brez oznak, prvi označite!
|
| Thư viện lưu trữ: | Mạng thư viện Đại học Đà Nẵng |
|---|
| LEADER | 01647nam a22004338a 4500 | ||
|---|---|---|---|
| 001 | 000014155 | ||
| 003 | 10512 | ||
| 005 | 20120403090408.0 | ||
| 008 | 120403s1980 b 000 0 vieod | ||
| 020 | |c 2800đ |d 5000b | ||
| 041 | 0 | |a vie | |
| 082 | |a 622.15 |b PH-V | ||
| 084 | |a Đ |b Đ301V | ||
| 100 | 1 | |a Phạm Năng Vũ | |
| 245 | 1 | 0 | |a Địa vật lý thăm dò |b Thăm dò địa chấn |c Phạm Năng Vũ, Lâm Quang Thiệp, Tôn Tích Ai... |n T.3 |
| 260 | |a H. |b Đại học và trung học chuyên nghiệp |c 1980 | ||
| 300 | |a 410tr : hình vẽ |c 22cm | ||
| 505 | |a T.2 | ||
| 520 | |a Khái niệm cơ sở lý thuyết, nguyên lý máy móc, các phương pháp đo, phân tích, các ứng dụng của thăm dò từ và thăm dò trọng lực của quả đất | ||
| 653 | |a thăm dò từ | ||
| 653 | |a địa vật lý | ||
| 653 | |a thăm dò trọng lực | ||
| 653 | |a Thăm dò địa chất | ||
| 700 | 1 | |a Lâm Quang Thiệp |e Tác giả | |
| 700 | 1 | |a Trần Nho Lâm |e Tác giả | |
| 700 | 1 | |a Tôn Tích Ai |e Tác giả | |
| 700 | 1 | |a Nguyễn San |e Tác giả | |
| 773 | |t Địa vật lý thăm dò |w 4566 | ||
| 910 | |a Nguyễn Thị Kim Oanh |d 17/10/2011 | ||
| OWN | |a LSP | ||
| AVA | |a UDN50 |b LSP |d 622.15 PH-V |e available |t Error 5001 Not defined in file expand_doc_bib_avail. |f 2 |g 0 |h N |i 0 |k 1 | ||
| 999 | |a From the UDN01 | ||
| AVA | |a UDN50 |b LSP |d 622.15 PH-V |e available |t Error 5001 Not defined in file expand_doc_bib_avail. |f 2 |g 0 |h N |i 0 |k 1 | ||
| TYP | |a Monograph | ||
| TYP | |a Printed language | ||
| 980 | |a Mạng thư viện Đại học Đà Nẵng | ||